Fr. Conceicao Rodrigues College of Engineering

Elimentary numerical analysis (Record no. 24868)

MARC details
000 -LEADER
fixed length control field 00357nam a2200157Ia 4500
082 ## - DEWEY DECIMAL CLASSIFICATION NUMBER
Classification number 519.4
Item number CON/BOO
100 ## - MAIN ENTRY--PERSONAL NAME
Personal name Conte/Samuel D/ De-Book/Carl
250 ## - EDITION STATEMENT
Edition statement 3
245 ## - TITLE STATEMENT
Title Elimentary numerical analysis
260 ## - PUBLICATION, DISTRIBUTION, ETC.
Name of publisher, distributor, etc. Mc Graw Hill
Place of publication, distribution, etc. Auckland
Date of publication, distribution, etc. 1980
300 ## - PHYSICAL DESCRIPTION
Extent 432
546 ## - LANGUAGE NOTE
Language note ENGLISH
654 ## - SUBJECT ADDED ENTRY--FACETED TOPICAL TERMS
Focus term numerical analysis
942 ## - ADDED ENTRY ELEMENTS (KOHA)
Koha item type BOOK
Holdings
Withdrawn status Lost status Damaged status Not for loan Collection Home library Current library Shelving location Date acquired Cost, normal purchase price Total Checkouts Full call number Barcode Date last seen Cost, replacement price Price effective from Koha item type
        CRC Fr. Agnel's C.Rodrigues College of Engineering Fr. Agnel's C.Rodrigues College of Engineering   17/03/2023 125.00   519.4 CON/BOO 2486 17/03/2023 125.00 17/03/2023 BOOK